"Sociálny pracovník ako kolega?" Ako to vnímajú zdravotníci z onkologickej praxe

Sociálne aspekty onkologickej choroby na funkčnosť multidisciplinárnych tímov zdravotníckej starostlivosti v zahraničí. Vnímanie profesie sociálneho pracovníka ako rovnocenného kolegu zdravotníckymi pracovníkmi aktuálne pôsobiacimi v onkologickej praxi na Slovensku. Spolupráca odborníkov z rôznych o...

Descripción completa

Guardado en:
Detalles Bibliográficos
Autor principal: Šiňanská, Katarína
Otros Autores: Töröková, Dominika
Formato: Capítulo de libro
Materias:
Etiquetas: Agregar Etiqueta
Sin Etiquetas, Sea el primero en etiquetar este registro!

MARC

LEADER 00000naa a2200000 4500
001 0308512
005 20250507130323.9
044 |a CZ 
245 1 0 |a "Sociálny pracovník ako kolega?" Ako to vnímajú zdravotníci z onkologickej praxe  |c Katarína Šiňanská, Dominika Töröková 
520 |a Sociálne aspekty onkologickej choroby na funkčnosť multidisciplinárnych tímov zdravotníckej starostlivosti v zahraničí. Vnímanie profesie sociálneho pracovníka ako rovnocenného kolegu zdravotníckymi pracovníkmi aktuálne pôsobiacimi v onkologickej praxi na Slovensku. Spolupráca odborníkov z rôznych oblastí v rámci multidisciplinárnych tímov je trendom i nevyhnutnou potrebou. Nielen z pohľadu pacientov a ich blízkych ale i z pohľadu podpory aktuálne pôsobiacich zdravotníckych pracovníkov. Nesmieme opomínať sociálne aspekty onkologickej choroby, a preto by sociálna práca v zdravotníckych zariadeniach mala byť štandardom naprieč rôznymi štruktúrami s cieľom účinnej integrácie sociálnych pracovníkov do zdravotníckych zariadení. 
610 2 0 |a práca sociálna 
610 2 0 |a pracovníci sociálni 
610 2 0 |a zdravotníctvo 
610 2 0 |a tímy pracovné 
610 2 0 |a starostlivosť sociálna 
610 2 0 |a starostlivosť zdravotná 
100 1 |a Šiňanská, Katarína 
700 1 |a Töröková, Dominika